<?xml version="1.0" encoding="UTF-8"?>
<record
    xmlns:xsi="http://www.w3.org/2001/XMLSchema-instance"
    xsi:schemaLocation="http://www.loc.gov/MARC21/slim http://www.loc.gov/standards/marcxml/schema/MARC21slim.xsd"
    xmlns="http://www.loc.gov/MARC21/slim">

  <leader>00964nam a22002417a 4500</leader>
  <controlfield tag="008">240619b        mp ||||| |||| 00| 0 mon d</controlfield>
  <datafield tag="020" ind1=" " ind2=" ">
    <subfield code="a">978-9973-1-855-8</subfield>
  </datafield>
  <datafield tag="035" ind1=" " ind2=" ">
    <subfield code="a">24257</subfield>
  </datafield>
  <datafield tag="040" ind1=" " ind2=" ">
    <subfield code="a">UV1862160</subfield>
    <subfield code="b">mon</subfield>
    <subfield code="c">MN-UlNLM</subfield>
    <subfield code="d">MN-UlNLM</subfield>
    <subfield code="e">rda</subfield>
  </datafield>
  <datafield tag="041" ind1=" " ind2=" ">
    <subfield code="a">mon</subfield>
  </datafield>
  <datafield tag="042" ind1=" " ind2=" ">
    <subfield code="a">54227</subfield>
  </datafield>
  <datafield tag="082" ind1=" " ind2=" ">
    <subfield code="2">10-t</subfield>
    <subfield code="a">741.642</subfield>
    <subfield code="b">&#x427;.191</subfield>
  </datafield>
  <datafield tag="100" ind1=" " ind2=" ">
    <subfield code="a">&#x427;&#x430;&#x43D;&#x430;&#x433;&#x43D;&#x44F;&#x43D;&#x433;&#x430;&#x440; &#x411;., &#x422;&#x4E9;&#x440;&#x43C;&#x4E9;&#x43D;&#x445; &#x411;.</subfield>
  </datafield>
  <datafield tag="245" ind1=" " ind2="0">
    <subfield code="a">&#x411;&#x44D;&#x442;&#x433;&#x44D;&#x43B;&#x436;&#x438;&#x43D; &#x431;&#x43E;&#x440; &#x448;&#x443;&#x432;&#x443;&#x443;</subfield>
  </datafield>
  <datafield tag="264" ind1=" " ind2=" ">
    <subfield code="a">&#x423;&#x411;</subfield>
    <subfield code="b">&#x41C;&#x43E;&#x43D; &#x441;&#x443;&#x434;&#x430;&#x440; &#x425;&#x413;</subfield>
    <subfield code="c">2020</subfield>
  </datafield>
  <datafield tag="300" ind1=" " ind2=" ">
    <subfield code="a">&#x445;.</subfield>
  </datafield>
  <datafield tag="336" ind1=" " ind2=" ">
    <subfield code="2">rdacontent</subfield>
    <subfield code="a">text</subfield>
    <subfield code="b">txt</subfield>
  </datafield>
  <datafield tag="337" ind1=" " ind2=" ">
    <subfield code="2">rdamedia</subfield>
    <subfield code="a">unmediated</subfield>
    <subfield code="b">n</subfield>
  </datafield>
  <datafield tag="338" ind1=" " ind2=" ">
    <subfield code="2">rdacarrier</subfield>
    <subfield code="a">volume</subfield>
    <subfield code="b">nc</subfield>
  </datafield>
  <datafield tag="650" ind1=" " ind2=" ">
    <subfield code="a">&#x421;&#x430;&#x439;&#x43D; &#x43D;&#x43E;&#x43C;&#x44B;&#x43D; &#x416;&#x430;&#x43D;&#x433;&#x430;&#x440; &#x440;&#x435;&#x434;&#x430;&#x43A;&#x446;&#x430;&#x430;&#x441; &#x431;&#x44F;&#x446;&#x445;&#x430;&#x43D; &#x447;&#x434;&#x430;&#x434;&#x430;&#x430; &#x437;&#x43E;&#x440;&#x438;&#x443;&#x43B;&#x430;&#x43D; &#x43C;&#x43E;&#x43D;&#x433;&#x43E;&#x43B; &#x430;&#x440;&#x434;&#x44B;&#x43D; &#x4AF;&#x43B;&#x433;&#x44D;&#x440;&#x4AF;&#x4AF;&#x434;&#x438;&#x439;&#x433; &#x431;&#x430;&#x433;&#x442; &#x43D;&#x43E;&#x43C; &#x431;&#x43E;&#x43B;&#x433;&#x43E;&#x43D; &#x446;&#x443;&#x432;&#x440;&#x430;&#x43B;&#x430;&#x430;&#x440; &#x445;&#x4AF;&#x440;&#x433;&#x44D;&#x436; &#x431;&#x430;&#x439;&#x433;&#x430;&#x430; &#x431;&#x438;&#x43B;&#x44D;&#x44D;. &#x42D;&#x43D;&#x44D; &#x434;...</subfield>
  </datafield>
  <datafield tag="942" ind1=" " ind2=" ">
    <subfield code="2">10-t</subfield>
    <subfield code="c">BK</subfield>
  </datafield>
  <datafield tag="952" ind1=" " ind2=" ">
    <subfield code="0">0</subfield>
    <subfield code="1">0</subfield>
    <subfield code="4">0</subfield>
    <subfield code="6">741642_&#x427;191</subfield>
    <subfield code="7">0</subfield>
    <subfield code="8">UV1867</subfield>
    <subfield code="a">UV1862160</subfield>
    <subfield code="b">UV1862160</subfield>
    <subfield code="c">UV1867</subfield>
    <subfield code="d">2024-06-20</subfield>
    <subfield code="g">12900.00</subfield>
    <subfield code="l">0</subfield>
    <subfield code="o">741.642  &#x427;.191</subfield>
    <subfield code="p">UV18624257-2-1</subfield>
    <subfield code="r">2024-06-20</subfield>
    <subfield code="t">51350</subfield>
    <subfield code="y">BK</subfield>
  </datafield>
  <datafield tag="952" ind1=" " ind2=" ">
    <subfield code="0">0</subfield>
    <subfield code="1">0</subfield>
    <subfield code="4">0</subfield>
    <subfield code="6">741642_&#x427;191</subfield>
    <subfield code="7">0</subfield>
    <subfield code="8">UV1863</subfield>
    <subfield code="a">UV1862160</subfield>
    <subfield code="b">UV1862160</subfield>
    <subfield code="c">UV1863</subfield>
    <subfield code="d">2024-06-20</subfield>
    <subfield code="g">12899.00</subfield>
    <subfield code="l">0</subfield>
    <subfield code="o">741.642  &#x427;.191</subfield>
    <subfield code="p">UV18624257-4-1</subfield>
    <subfield code="r">2024-06-20</subfield>
    <subfield code="t">52182</subfield>
    <subfield code="y">BK</subfield>
  </datafield>
  <datafield tag="999" ind1=" " ind2=" ">
    <subfield code="c">925288</subfield>
    <subfield code="d">925345</subfield>
  </datafield>
</record>
